000 00381nam a22001337a 4500
082 _a346.0432 KHU
100 _aKhuncha, Muhammad Iqbal
245 _aLand Records Manual /
_cMuhammad Iqbal Khuncha
260 _aLahore :
_bImran Law Book House,
_c2020.
300 _a864 p. ;
_c24 cm.
942 _2ddc
_cBK
999 _c587134
_d587134